[Event "3rd Washington Chess Congress"]
[Site "Arlington, VA"]
[Date "2016.10.09"]
[Round "8"]
[White "Huang, Andy"]
[Black "Jaquez, Juan"]
[Result "0-1"]
[WhiteElo "2152"]
[BlackElo "2188"]
[PlyCount "77"]
[EventDate "2016.10.??"]
[EventType "swiss"]
[EventRounds "9"]
[EventCountry "USA"]

1. e4 e6 2. d4 d5 3. Nc3 Nf6 4. Bg5 Bb4 5. e5 h6 6. Bd2 Nfd7 7. Bd3 a6 8. f4 c5
9. Nf3 cxd4 10. Ne2 Qb6 11. O-O Nc6 12. a3 Bxd2 13. Qxd2 Nc5 14. Kh1 Bd7 15.
Rab1 Nxd3 16. Qxd3 Rc8 17. Nexd4 Nxd4 18. Nxd4 Rc4 19. c3 O-O 20. Rf2 Qc7 21.
Re1 Re8 22. g4 Qd8 23. Qg3 f6 24. h4 fxe5 25. Rxe5 Qf6 26. h5 Rf8 27. g5 hxg5
28. Rxg5 Qh6 29. Rg2 Rf7 30. Qh4 Rc8 31. Rg6 Rxf4 32. Rxg7+ Kh8 33. Qe1 Rcf8
34. Kg1 Rf1+ 35. Qxf1 Rxf1+ 36. Kxf1 Qxg7 37. Rxg7 Kxg7 38. Kf2 e5 39. Nf3 0-1

[Event "3rd Washington Chess Congress"]
[Site "Arlington, VA"]
[Date "2016.10.09"]
[Round "8"]
[White "Kaufman, Larry C"]
[Black "Jian, Alex"]
[Result "1/2-1/2"]
[WhiteElo "2285"]
[BlackElo "2037"]
[PlyCount "40"]
[EventDate "2016.10.??"]
[EventType "swiss"]
[EventRounds "9"]
[EventCountry "USA"]

1. e4 c5 2. Nf3 Nc6 3. Bb5 g6 4. Bxc6 dxc6 5. d3 Bg7 6. h3 Nf6 7. Nc3 O-O 8.
O-O Re8 9. Bf4 b6 10. Qd2 Nd7 11. e5 Nf8 12. Bh6 Bh8 13. Rfe1 Ne6 14. Ne4 Qc7
15. Ng3 Rd8 16. Re4 Nd4 17. Nxd4 Rxd4 18. Rxd4 cxd4 19. f4 Be6 20. Re1 Bd5
1/2-1/2

[Event "3rd Washington Chess Congress"]
[Site "Arlington, VA"]
[Date "2016.10.09"]
[Round "8"]
[White "Ulrich, Rachel"]
[Black "Wang, Wesley"]
[Result "1/2-1/2"]
[WhiteElo "2114"]
[BlackElo "2076"]
[PlyCount "94"]
[EventDate "2016.10.??"]
[EventType "swiss"]
[EventRounds "9"]
[EventCountry "USA"]

1. e4 e5 2. Nf3 Nc6 3. Bb5 a6 4. Ba4 Nf6 5. O-O Be7 6. Re1 b5 7. Bb3 d6 8. c3
O-O 9. h3 Nb8 10. d4 Nbd7 11. Nbd2 Bb7 12. Bc2 Re8 13. Nf1 Bf8 14. Ng3 g6 15.
a4 c5 16. d5 c4 17. Bg5 h6 18. Be3 Qc7 19. Qd2 h5 20. Ra3 Nc5 21. Rea1 Reb8 22.
Qd1 Nfd7 23. axb5 axb5 24. Rxa8 Rxa8 25. Rxa8 Bxa8 26. Qa1 Bb7 27. Qa3 Be7 28.
Qb4 Ba6 29. Nd2 Bd8 30. b3 cxb3 31. Nxb3 Na4 32. c4 bxc4 33. Qxa4 cxb3 34. Qxb3
Nb6 35. Bd3 Bxd3 36. Qxd3 Nc4 37. Bc1 Qc5 38. Nf1 Qb4 39. Ne3 Nxe3 40. Bxe3 Bb6
41. Bxb6 Qxb6 42. Qc4 Kg7 43. g3 h4 44. g4 Qb1+ 45. Kg2 Qe1 46. Qd3 Qb4 47. Qf3
Qd2 1/2-1/2

[Event "3rd Washington Chess Congress"]
[Site "Arlington, VA"]
[Date "2016.10.09"]
[Round "8"]
[White "Aiken, Richard"]
[Black "Prem, Pranav"]
[Result "1/2-1/2"]
[WhiteElo "1974"]
[BlackElo "1765"]
[PlyCount "49"]
[EventDate "2016.10.??"]
[EventType "swiss"]
[EventRounds "9"]
[EventCountry "USA"]

1. d4 d5 2. c4 e6 3. Nc3 Nf6 4. Bg5 Be7 5. e3 O-O 6. Nf3 Nbd7 7. Rc1 Re8 8. Be2
Nf8 9. O-O c6 10. Ne5 Ng6 11. f4 Nd7 12. Bxe7 Qxe7 13. c5 Ngxe5 14. fxe5 f6 15.
exf6 Nxf6 16. Qe1 e5 17. Qf2 Bd7 18. Rce1 Rf8 19. Bf3 Bf5 20. Qd2 Rad8 21. Bd1
Ne4 22. Nxe4 Bxe4 23. Rxf8+ Rxf8 24. Rf1 Rxf1+ 25. Kxf1 1/2-1/2

[Event "3rd Washington Chess Congress"]
[Site "Arlington, VA"]
[Date "2016.10.09"]
[Round "8"]
[White "De Fotis, Gary"]
[Black "Harper, Ryan"]
[Result "1/2-1/2"]
[WhiteElo "1959"]
[BlackElo "2207"]
[PlyCount "81"]
[EventDate "2016.10.??"]
[EventType "swiss"]
[EventRounds "9"]
[EventCountry "USA"]

1. d4 Nf6 2. c4 c5 3. Nf3 cxd4 4. Nxd4 Nc6 5. Nc3 e6 6. g3 a6 7. Bg2 Ne5 8. b3
Bb4 9. Bd2 O-O 10. O-O Rb8 11. Qc2 Be7 12. Rfd1 Qc7 13. Qb2 d6 14. h3 Bd7 15.
Rac1 Qb6 16. Nb1 Rbc8 17. Bc3 Nc6 18. e4 Nxd4 19. Bxd4 Qc7 20. e5 Ne8 21. exd6
Bxd6 22. c5 Be7 23. b4 Bf6 24. Nd2 Ba4 25. Re1 Bxd4 26. Qxd4 Rd8 27. Qe3 Bb5
28. Nc4 Bxc4 29. Rxc4 Nf6 30. Rec1 Nd5 31. Qb3 Rd7 32. a4 Rfd8 33. b5 axb5 34.
axb5 g6 35. c6 bxc6 36. Rxc6 Qb8 37. b6 Rb7 38. Rb1 Rd6 39. Rxd6 Qxd6 40. Bxd5
exd5 41. Rd1 1/2-1/2

[Event "3rd Washington Chess Congress"]
[Site "Arlington, VA"]
[Date "2016.10.09"]
[Round "8"]
[White "Heidari, Ako"]
[Black "Orizondo, Hugo"]
[Result "0-1"]
[WhiteElo "1799"]
[BlackElo "2050"]
[PlyCount "45"]
[EventDate "2016.10.??"]
[EventType "swiss"]
[EventRounds "9"]
[EventCountry "USA"]

1. e4 e5 2. Nf3 Nc6 3. Bb5 a6 4. Ba4 Nf6 5. O-O Be7 6. Re1 b5 7. Bb3 d5 8. c3
O-O 9. h3 Na5 10. Bc2 c5 11. d4 Qc7 12. Nbd2 Bd7 13. Nf1 Nc4 14. Ng3 cxd4 15.
cxd4 Rfc8 16. Bd3 exd4 17. Nxd4 Re8 18. Bf1 h6 19. b3 Ne5 20. Bb2 Bf8 21. a4
bxa4 22. bxa4 Nc4 23. Bc3 0-1

[Event "3rd Washington Chess Congress"]
[Site "Arlington, VA"]
[Date "2016.10.10"]
[Round "8"]
[White "Altman, Joshua"]
[Black "Opaska, Michael"]
[Result "0-1"]
[WhiteElo "1735"]
[BlackElo "2002"]
[PlyCount "67"]
[EventDate "2016.10.??"]
[EventType "swiss"]
[EventRounds "9"]
[EventCountry "USA"]

1. d4 d5 2. c4 e6 3. Nc3 Be7 4. Nf3 Nf6 5. cxd5 exd5 6. Bf4 c6 7. e3 O-O 8. Bd3
Re8 9. Qc2 a5 10. Ne5 Na6 11. a3 Nc7 12. O-O Ne6 13. Bg3 Nf8 14. h3 Bd6 15. f4
N6d7 16. e4 dxe4 17. Nxe4 Nf6 18. Ng5 Be6 19. Rae1 Qb6 20. Bf2 Qb3 21. Qd2 Bd5
22. Re3 Qb6 23. Rfe1 h6 24. Ngf3 Ne6 25. Bh4 Bxf3 26. Nc4 Qc7 27. Nxd6 Qxd6 28.
Bxf6 gxf6 29. gxf3 Qxd4 30. Kh1 Qxf4 31. Qg2+ Qg5 32. Qf2 Ng7 33. f4 Qd5+ 34.
Kh2 0-1

[Event "3rd Washington Chess Congress"]
[Site "Arlington, VA"]
[Date "2016.10.10"]
[Round "9"]
[White "Brodsky, David"]
[Black "Popilski, Gil"]
[Result "1/2-1/2"]
[WhiteElo "2277"]
[BlackElo "2564"]
[PlyCount "64"]
[EventDate "2016.10.??"]
[EventType "swiss"]
[EventRounds "9"]
[EventCountry "USA"]

1. e4 d5 2. exd5 Qxd5 3. Nc3 Qd6 4. d4 Nf6 5. Nf3 c6 6. g3 Bg4 7. Bg2 e6 8. h3
Bxf3 9. Bxf3 Be7 10. O-O Qc7 11. Ne2 Nbd7 12. c4 O-O 13. Nc3 Rad8 14. Qe2 Rfe8
15. Be3 a6 16. a4 e5 17. dxe5 Qxe5 18. Rfd1 Bc5 19. Rd3 Bxe3 20. Rxe3 Qc5 21.
Ne4 Nxe4 22. Bxe4 Nf6 23. Re1 a5 24. Qc2 Re6 25. Bf3 Red6 26. Rd1 Rxd1+ 27.
Bxd1 Kf8 28. Rd3 Re8 29. Kg2 g6 30. Bf3 Kg7 31. Qc3 Qe5 32. Qb3 Qc7 1/2-1/2

[Event "3rd Washington Chess Congress"]
[Site "Arlington, VA"]
[Date "2016.10.10"]
[Round "9"]
[White "Kadric, Denis"]
[Black "Li, Ruifeng"]
[Result "1/2-1/2"]
[WhiteElo "2594"]
[BlackElo "2538"]
[PlyCount "43"]
[EventDate "2016.10.??"]
[EventType "swiss"]
[EventRounds "9"]
[EventCountry "USA"]

1. e4 c5 2. Be2 Nc6 3. f4 g6 4. Nf3 Bg7 5. O-O d6 6. c3 e6 7. d4 cxd4 8. cxd4
Qb6 9. Kh1 Nge7 10. Nc3 O-O 11. Na4 Qd8 12. Be3 b6 13. Nc3 Bb7 14. Rc1 Rc8 15.
Bd3 Qd7 16. a3 Na5 17. Qe2 Nb3 18. Rcd1 Na5 19. Bf2 Rfe8 20. Be1 f5 21. e5 Nd5
22. Nxd5 1/2-1/2

[Event "3rd Washington Chess Congress"]
[Site "Arlington, VA"]
[Date "2016.10.10"]
[Round "9"]
[White "Sadorra, Julio"]
[Black "Gorti, Akshita"]
[Result "1-0"]
[WhiteElo "2573"]
[BlackElo "2182"]
[PlyCount "49"]
[EventDate "2016.10.??"]
[EventType "swiss"]
[EventRounds "9"]
[EventCountry "USA"]

1. Nf3 Nf6 2. c4 b6 3. g3 Bb7 4. Bg2 e6 5. O-O Be7 6. Nc3 O-O 7. Re1 d5 8. cxd5
Nxd5 9. e4 Nxc3 10. bxc3 Nc6 11. d4 Na5 12. h4 c5 13. d5 exd5 14. exd5 Bf6 15.
Ng5 g6 16. Ne4 Bg7 17. h5 Qd7 18. h6 Bh8 19. Bg5 f6 20. Bf4 Rae8 21. Nd6 Rxe1+
22. Qxe1 g5 23. Qe6+ Qxe6 24. dxe6 Bxg2 25. e7 1-0

[Event "3rd Washington Chess Congress"]
[Site "Arlington, VA"]
[Date "2016.10.10"]
[Round "9"]
[White "Berczes, David"]
[Black "Raghuram Rao, Prasanna"]
[Result "1/2-1/2"]
[WhiteElo "2478"]
[BlackElo "2466"]
[PlyCount "48"]
[EventDate "2016.10.??"]
[EventType "swiss"]
[EventRounds "9"]
[EventCountry "USA"]

1. e4 c5 2. Nf3 e6 3. d4 cxd4 4. Nxd4 Nc6 5. Nc3 Qc7 6. Be2 Nf6 7. O-O Be7 8.
Be3 d6 9. f4 O-O 10. Qe1 Nxd4 11. Bxd4 e5 12. fxe5 dxe5 13. Qg3 Bc5 14. Bxc5
Qxc5+ 15. Kh1 Kh8 16. Rxf6 gxf6 17. Qh4 Rg8 18. Qxf6+ Rg7 19. Rd1 Be6 20. Rd8+
Rxd8 21. Qxd8+ Rg8 22. Qf6+ Rg7 23. Qd8+ Rg8 24. Qf6+ Rg7 1/2-1/2

[Event "3rd Washington Chess Congress"]
[Site "Arlington, VA"]
[Date "2016.10.10"]
[Round "9"]
[White "Aponte, Felix Ynojosa"]
[Black "Wegerle, Joerg"]
[Result "1/2-1/2"]
[WhiteElo "2410"]
[BlackElo "2442"]
[PlyCount "48"]
[EventDate "2016.10.??"]
[EventType "swiss"]
[EventRounds "9"]
[EventCountry "USA"]

1. c4 e6 2. Nc3 d5 3. d4 Nf6 4. Nf3 Nbd7 5. cxd5 exd5 6. Bf4 c6 7. e3 Nh5 8.
Be5 Nxe5 9. Nxe5 Nf6 10. Bd3 Nd7 11. Nf3 Be7 12. Qd2 h6 13. Rb1 a5 14. a3 O-O
15. b4 axb4 16. axb4 Nb6 17. O-O Be6 18. Ne5 Nd7 19. Nxd7 Bxd7 20. Rfc1 b5 21.
e4 dxe4 22. Bxe4 Ra6 23. h3 Bd6 24. Rd1 Qh4 1/2-1/2

[Event "3rd Washington Chess Congress"]
[Site "Arlington, VA"]
[Date "2016.10.10"]
[Round "9"]
[White "Guo, Arthur"]
[Black "Bouzoukis, Charles"]
[Result "1-0"]
[WhiteElo "2168"]
[BlackElo "2098"]
[PlyCount "77"]
[EventDate "2016.10.??"]
[EventType "swiss"]
[EventRounds "9"]
[EventCountry "USA"]

1. e4 d6 2. d4 Nf6 3. Nc3 Nbd7 4. Be3 e5 5. Nf3 Be7 6. Bc4 O-O 7. O-O c6 8. a4
Nxe4 9. Bxf7+ Rxf7 10. Nxe4 exd4 11. Bxd4 d5 12. Ng3 Bf6 13. Re1 Nf8 14. Ne5
Bxe5 15. Bxe5 Ng6 16. Bd4 Bd7 17. Ra3 Qh4 18. Rae3 b6 19. a5 Raf8 20. f3 c5 21.
Be5 Bc6 22. c3 Nxe5 23. Rxe5 bxa5 24. Qd3 Qd8 25. Qe2 Qd7 26. Nh5 g6 27. Ng3 a4
28. Qf2 d4 29. Rxc5 d3 30. Qd2 Rd8 31. Rce5 Qd6 32. R5e3 Rb7 33. Kh1 Rb3 34.
Re6 Qb8 35. Re7 Qd6 36. Qh6 Qf6 37. Qxh7+ Kf8 38. Qh6+ Kg8 39. Nh5 1-0

[Event "3rd Washington Chess Congress"]
[Site "Arlington, VA"]
[Date "2016.10.10"]
[Round "9"]
[White "Jian, Alex"]
[Black "Huang, Andy"]
[Result "1-0"]
[WhiteElo "2037"]
[BlackElo "2152"]
[PlyCount "52"]
[EventDate "2016.10.??"]
[EventType "swiss"]
[EventRounds "9"]
[EventCountry "USA"]

1. d4 d5 2. c4 c6 3. Nf3 Nf6 4. Nc3 e6 5. e3 Nbd7 6. Qc2 b6 7. Bd3 Bb7 8. O-O
Be7 9. b3 Rc8 10. Bb2 Qc7 11. Qe2 O-O 12. Rac1 Qb8 13. Rfd1 Rfd8 14. Bb1 dxc4
15. bxc4 c5 16. d5 b5 17. dxe6 fxe6 18. cxb5 Qa8 19. Qc4 Nf8 20. Ne1 Bd6 21. a4
Bd5 22. Qe2 Qb8 23. h3 Re8 24. Nf3 Bc7 25. Nd2 Ng6 26. Nde4 Qa8 1-0

[Event "3rd Washington Chess Congress"]
[Site "Arlington, VA"]
[Date "2016.10.10"]
[Round "9"]
[White "Orizondo, Hugo"]
[Black "Ulrich, Rachel"]
[Result "0-1"]
[WhiteElo "2050"]
[BlackElo "2050"]
[PlyCount "37"]
[EventDate "2016.10.??"]
[EventType "swiss"]
[EventRounds "9"]
[EventCountry "USA"]

1. d4 d5 2. c4 c6 3. Nc3 Nf6 4. cxd5 cxd5 5. Bf4 Nc6 6. e3 a6 7. Bd3 Bg4 8.
Nge2 e6 9. O-O Be7 10. Rc1 O-O 11. Na4 Nd7 12. Qc2 Nb4 13. Qb1 Nxd3 14. Qxd3
Qa5 15. b3 Rac8 16. Ng3 b5 17. h3 bxa4 18. hxg4 g5 19. Qb5 0-1

[Event "3rd Washington Chess Congress"]
[Site "Arlington, VA"]
[Date "2016.10.10"]
[Round "9"]
[White "Wang, Wesley"]
[Black "De Fotis, Gary"]
[Result "1-0"]
[WhiteElo "2076"]
[BlackElo "1959"]
[PlyCount "61"]
[EventDate "2016.10.??"]
[EventType "swiss"]
[EventRounds "9"]
[EventCountry "USA"]

1. e4 c5 2. Nf3 d6 3. d4 cxd4 4. Nxd4 Nf6 5. Nc3 a6 6. f4 Qc7 7. a4 e5 8. Nf3
Be7 9. Bd3 O-O 10. O-O Nbd7 11. Kh1 Nc5 12. Qe2 Bd7 13. fxe5 dxe5 14. Bg5 Be6
15. Nh4 Rad8 16. Nf5 Bxf5 17. Rxf5 Nxd3 18. cxd3 Qd6 19. Bxf6 Bxf6 20. Nd5 Be7
21. Raf1 g6 22. Qg4 Qe6 23. Qg3 f6 24. R5f3 Kg7 25. Qh4 h5 26. Rg3 Kh6 27. Rh3
Kg7 28. Rhf3 Rc8 29. Qf2 Bd8 30. d4 b6 31. Nxf6 1-0

[Event "3rd Washington Chess Congress"]
[Site "Arlington, VA"]
[Date "2016.10.10"]
[Round "9"]
[White "Harper, Ryan"]
[Black "Collier, Philip"]
[Result "1-0"]
[WhiteElo "2207"]
[BlackElo "1789"]
[PlyCount "29"]
[EventDate "2016.10.??"]
[EventType "swiss"]
[EventRounds "9"]
[EventCountry "USA"]

1. e4 e6 2. d4 d5 3. Nc3 dxe4 4. Nxe4 Be7 5. Nf3 Nf6 6. Bd3 Nxe4 7. Bxe4 Bf6 8.
c3 O-O 9. Qe2 Nd7 10. h4 c5 11. Bf4 cxd4 12. Bxh7+ Kxh7 13. Ng5+ Kg8 14. Qh5
Bxg5 15. hxg5 1-0

[Event "3rd Washington Chess Congress"]
[Site "Arlington, VA"]
[Date "2016.10.10"]
[Round "9"]
[White "Balakrishnan, Praveen"]
[Black "Raznikov, Dani"]
[Result "1-0"]
[WhiteElo "2458"]
[BlackElo "2531"]
[PlyCount "101"]
[EventDate "2016.10.??"]
[EventType "swiss"]
[EventRounds "9"]
[EventCountry "USA"]

1. e4 c5 2. Nf3 d6 3. d4 cxd4 4. Nxd4 Nf6 5. Nc3 a6 6. Bg5 e6 7. f4 Be7 8. Qf3
h6 9. Bh4 Nbd7 10. O-O-O Qc7 11. f5 e5 12. Nde2 b5 13. Bxf6 Nxf6 14. Nd5 Nxd5
15. exd5 Bb7 16. Ng3 Rc8 17. Bd3 Bf6 18. Kb1 b4 19. b3 Ke7 20. Bc4 a5 21. Ne4
h5 22. g3 a4 23. Rd2 Qb6 24. h3 Kd7 25. Qe2 a3 26. Bb5+ Ke7 27. Rf1 Rc5 28. Bc4
Kd7 29. Qf2 Rhc8 30. g4 hxg4 31. hxg4 Qd8 32. Qe3 Rxc4 33. bxc4 Rxc4 34. g5
Rxe4 35. Qxe4 Bxg5 36. Rg2 f6 37. Qxb4 Bxd5 38. Rd1 Qa8 39. Rg3 Qb7 40. Qxb7+
Bxb7 41. Rxa3 Be4 42. Ra7+ Kc6 43. Rxg7 Bxf5 44. a4 Be4 45. a5 Bh6 46. Rf7 Be3
47. a6 Bc5 48. a7 Kb5 49. Kb2 Kc4 50. Rc7 Kb5 51. Ra1 1-0

[Event "3rd Washington Chess Congress"]
[Site "Arlington, VA"]
[Date "2016.10.10"]
[Round "9"]
[White "Jaquez, Juan"]
[Black "Drozdowski, Kacper"]
[Result "0-1"]
[WhiteElo "2188"]
[BlackElo "2507"]
[PlyCount "43"]
[EventDate "2016.10.??"]
[EventType "swiss"]
[EventRounds "9"]
[EventCountry "USA"]

1. e4 c5 2. Nf3 e6 3. d4 cxd4 4. Nxd4 a6 5. Bd3 Nf6 6. O-O d6 7. c4 Nbd7 8. Nc3
Ne5 9. Bg5 Nxd3 10. Qxd3 Be7 11. Kh1 O-O 12. f4 e5 13. Nc2 exf4 14. Bxf4 Be6
15. Ne3 Nh5 16. Ned5 Nxf4 17. Nxe7+ Qxe7 18. Rxf4 Qg5 19. Raf1 Qe5 20. b3 b5
21. cxb5 axb5 22. Nxb5 0-1

[Event "3rd Washington Chess Congress"]
[Site "Arlington, VA"]
[Date "2016.10.10"]
[Round "9"]
[White "Srinivas, Vivek"]
[Black "Aiken, Richard"]
[Result "1/2-1/2"]
[WhiteElo "1916"]
[BlackElo "1974"]
[PlyCount "48"]
[EventDate "2016.10.??"]
[EventType "swiss"]
[EventRounds "9"]
[EventCountry "USA"]

1. e4 c6 2. d4 d5 3. e5 c5 4. c3 Nc6 5. Nf3 e6 6. Bd3 f6 7. O-O c4 8. Bc2 fxe5
9. Nxe5 Nxe5 10. dxe5 Qc7 11. Qh5+ Kd8 12. Bxh7 Nh6 13. Qg5+ Qe7 14. Bc2 Qxg5
15. Bxg5+ Be7 16. Bxe7+ Kxe7 17. Nd2 Bd7 18. f4 Raf8 19. g3 Ng4 20. Nf3 Ne3 21.
Rf2 Nxc2 22. Rxc2 Be8 23. Nd4 Bg6 24. Rf1 a6 1/2-1/2

[Event "3rd Washington Chess Congress"]
[Site "Arlington, VA"]
[Date "2016.10.10"]
[Round "9"]
[White "Opaska, Michael"]
[Black "Balkhamishvili, Tamara"]
[Result "1-0"]
[WhiteElo "2002"]
[BlackElo "2058"]
[PlyCount "57"]
[EventDate "2016.10.??"]
[EventType "swiss"]
[EventRounds "9"]
[EventCountry "USA"]

1. d4 f5 2. c4 Nf6 3. Nc3 g6 4. Nf3 Bg7 5. g3 O-O 6. Bg2 d6 7. O-O Nc6 8. d5
Ne5 9. Nd2 Nh5 10. e3 Nd3 11. Nf3 Nxc1 12. Rxc1 e5 13. dxe6 Bxe6 14. Qd3 c6 15.
Rfd1 Qe7 16. b4 Rad8 17. Nd4 Bd7 18. b5 Rc8 19. bxc6 bxc6 20. Rb1 Be8 21. Rb3
Nf6 22. Rdb1 Rc7 23. Rb8 Ne4 24. Nxc6 Rxc6 25. Nd5 Qe5 26. f4 Qe6 27. h3 Nf6
28. Nxf6+ Qxf6 29. Rxe8 1-0

[Event "3rd Washington Chess Congress"]
[Site "Arlington, VA"]
[Date "2016.10.10"]
[Round "9"]
[White "Yagiz, Bora"]
[Black "Caluza, Severo"]
[Result "0-1"]
[WhiteElo "1913"]
[BlackElo "1773"]
[PlyCount "44"]
[EventDate "2016.10.??"]
[EventType "swiss"]
[EventRounds "9"]
[EventCountry "USA"]

1. e4 e6 2. d4 d5 3. e5 c5 4. c3 Nc6 5. Nf3 Qb6 6. Bd3 Bd7 7. O-O cxd4 8. cxd4
Nxd4 9. Nbd2 Bb4 10. Nxd4 Qxd4 11. Nf3 Qb6 12. a3 Bf8 13. Qe2 g6 14. b4 Ne7 15.
Be3 Qd8 16. Bg5 Bg7 17. Qe3 h6 18. Bxe7 Qxe7 19. Rac1 Qd8 20. Rc3 Qb6 21. Qxb6
axb6 22. Rc7 Rxa3 0-1

[Event "3rd Washington Chess Congress"]
[Site "Arlington, VA"]
[Date "2016.10.10"]
[Round "9"]
[White "Heidari, Ako"]
[Black "Altman, Joshua"]
[Result "1/2-1/2"]
[WhiteElo "1799"]
[BlackElo "1735"]
[PlyCount "50"]
[EventDate "2016.10.??"]
[EventType "swiss"]
[EventRounds "9"]
[EventCountry "USA"]

1. d4 Nf6 2. c4 e6 3. Nc3 Bb4 4. e3 O-O 5. Bd3 d5 6. Nf3 dxc4 7. Bxc4 c5 8. O-O
Nbd7 9. a3 Bxc3 10. bxc3 b6 11. Bd3 Bb7 12. c4 Ne4 13. Bb2 f5 14. Nd2 Qg5 15.
d5 exd5 16. cxd5 Nxd2 17. Qxd2 Bxd5 18. f3 Nf6 19. Rae1 Rad8 20. Qc2 Be6 21. e4
c4 22. f4 cxd3 23. fxg5 dxc2 24. gxf6 fxe4 25. Bc1 Rxf6 1/2-1/2